Ob-La-Di, Ob-La-Da - The Beatles (All Lyrics) - Statistics

General Stats
  • This quiz has been taken 180 times
  • The average score is 281 of 341
Answer Stats
Lyrics % Correct
di,
97%
di
97%
I
97%
la
97%
la,
97%
ob
97%
a
96%
da
94%
on,
94%
on
94%
the
94%
in
92%
goes
91%
(ha
91%
ha
91%
ha)
91%
life
91%
is
90%
sing
90%
(sing)
90%
and
88%
band
88%
does
88%
singer
88%
you
88%
desmond
87%
to
86%
your
86%
marketplace
85%
molly
84%
molly,
84%
she
84%
has
83%
like
83%
face"
81%
face
81%
says
80%
he
78%
hand
75%
take
75%
by
74%
"girl,
74%
takes
74%
it
73%
at
72%
of
72%
him
71%
her
69%
as
68%
home,
67%
home
67%
how
67%
jones
67%
they
67%
with
67%
have
66%
kids
66%
his
65%
pretty
65%
ring
65%
(ring)
65%
couple
64%
years
64%
buys
63%
children
63%
evening,
63%
brah
62%
sweet
62%
begins
61%
built
61%
stays
61%
yard
61%
ever
60%
golden
60%
happy
60%
lend
60%
store
60%
still
59%
after
57%
back
57%
gives
57%
20
56%
barrow
56%
running
55%
lets
54%
waiting
53%
if
52%
she's
52%
sings
52%
this
52%
door
51%
carat
48%
some
46%
want
46%
trolley
41%
thank
36%
fun
35%
jeweler's
24%
No matching quizzes found
Score Distribution
Percent of People with Each Score
Percentile by Number Answered
Your Score History
You have not taken this quiz